logo

Bir Sreshtho Munshi Abdur Rouf Library
Jhenaidah Cadet College

The audacity of hope : (Record no. 356)

MARC details
000 -LEADER
fixed length control field 01629cam a2200397 a 4500
001 - CONTROL NUMBER
JCCL Control Number 356
003 - CONTROL NUMBER IDENTIFIER
JCCL marc code BD-JhCC
005 - DATE AND TIME OF LATEST TRANSACTION
control field 20190303134006.0
008 - FIXED-LENGTH DATA ELEMENTS--GENERAL INFORMATION
fixed length control field 070804s2006 nyu 001 0aeng d
020 ## - INTERNATIONAL STANDARD BOOK NUMBER
International Standard Book Number 9780307237705
020 ## - INTERNATIONAL STANDARD BOOK NUMBER
International Standard Book Number 0307237702
035 ## - SYSTEM CONTROL NUMBER
system control number (OCoLC)ocn166380128
-- (BD-JhCC) 356
040 ## - CATALOGING SOURCE
Original cataloging agency BTCTA
Transcribing agency BTCTA
Modifying agency BAKER
-- YDXCP
-- NPL
-- BD-JhCC
041 ## - LANGUAGE CODE
Language code of Book eng
050 14 - LIBRARY OF CONGRESS CALL NUMBER
Classification number E901.1.O23
Item number A3 2007b
082 14 - DEWEY DECIMAL CLASSIFICATION NUMBER
Classification number 973.0496
-- B
DDC Edition number 22
Author mark and Year OBA 2006
100 1# - MAIN ENTRY--PERSONAL NAME
Personal name Obama, Barack.
245 14 - TITLE STATEMENT
Title The audacity of hope :
Remainder of title thoughts on reclaiming the American dream /
Statement of responsibility, etc Barack Obama.
250 ## - EDITION STATEMENT
Edition statement 1st pbk. ed.
260 ## - PUBLICATION, DISTRIBUTION, ETC. (IMPRINT)
Place of publication, distribution, etc New York :
Name of publisher, distributor, etc Three Rivers Press,
Date of publication, distribution, etc c2006.
300 ## - PHYSICAL DESCRIPTION
Pagination 375 p. ;
Dimensions 20 cm.
500 ## - GENERAL NOTE
General note Includes index.
505 0# - FORMATTED CONTENTS NOTE
Formatted contents note Republicans and Democrats -- Values -- Our Constitution -- Politics -- Opportunity -- Faith -- Race -- The world beyond our borders -- Family.
520 ## - SUMMARY, ETC.
Summary, etc The junior senator from Illinois discusses how to transform U.S. politics, calling for a return to America's original ideals and revealing how they can address such issues as globalization and the function of religion in public life.
600 10 - SUBJECT ADDED ENTRY--PERSONAL NAME
Personal name Obama, Barack.
600 10 - SUBJECT ADDED ENTRY--PERSONAL NAME
Personal name Obama, Barack
General subdivision Philosophy.
610 10 - SUBJECT ADDED ENTRY--CORPORATE NAME
Corporate name or jurisdiction name as entry element United States.
Subordinate unit Congress.
-- Senate
650 #0 - SUBJECT ADDED ENTRY--TOPICAL TERM
Topical term or geographic name as entry element Legislators
Geographic subdivision United States
Form subdivision Biography.
650 #0 - SUBJECT ADDED ENTRY--TOPICAL TERM
Topical term or geographic name as entry element African American legislators
Form subdivision Biography.
650 #0 - SUBJECT ADDED ENTRY--TOPICAL TERM
Topical term or geographic name as entry element National characteristics, American.
650 #0 - SUBJECT ADDED ENTRY--TOPICAL TERM
Topical term or geographic name as entry element Ideals (Philosophy)
651 #0 - SUBJECT ADDED ENTRY--GEOGRAPHIC NAME
Geographic name United States
General subdivision Politics and government
-- Philosophy.
651 #0 - SUBJECT ADDED ENTRY--GEOGRAPHIC NAME
Geographic name United States
General subdivision Politics and government
Chronological subdivision 2001-2009
942 ## - ADDED ENTRY ELEMENTS (KOHA)
Source of classification or shelving scheme Dewey Decimal Classification
Koha item type Books
Koha issues (borrowed), all copies 1
Holdings
Source of classification or shelving scheme Damaged status Not for loan Home library Current library Shelving location Date of accession Total Checkouts Full call number Barcode Date last seen Date checked out Copy number Koha item type
Dewey Decimal Classification     JCC Rouf Library JCC Rouf Library General Stacks 10/04/2017 2 973.0496 OBA 2006 1491 09/17/2023 09/17/2023 C-1 Books

JCC Library | Contacts | JCC Home

Last Update on 23 September 2017
Copyright @ 2017-2020 JCC Rouf Library
Rouf Library, Jhenidah Cadet College (JCC), Bangladesh